Electric Maintanance (Record no. 958465)

MARC details
000 -LEADER
fixed length control field 00260nam a2200109Ia 4500
008 - FIXED-LENGTH DATA ELEMENTS--GENERAL INFORMATION
fixed length control field 231212s1977 xx 000 0 und d
041 ## - LANGUAGE CODE
Language code of text/sound track or separate title eng
082 ## - DEWEY DECIMAL CLASSIFICATION NUMBER
Classification number 621.384131
100 ## - MAIN ENTRY--PERSONAL NAME
Personal name Vartanov A.
245 ## - TITLE STATEMENT
Title Electric Maintanance
260 ## - PUBLICATION, DISTRIBUTION, ETC.
Place of publication, distribution, etc. Mascow
Name of publisher, distributor, etc. Mir Pub
Date of publication, distribution, etc. 1977
Holdings
Withdrawn status Lost status Damaged status Not for loan Home library Current library Date acquired Cost, normal purchase price Total Checkouts Full call number Barcode Date last seen Price effective from Koha item type
        Institute of Technology (Poly) , Navi Mumbai Institute of Technology (Poly) , Navi Mumbai 13/12/2023 14.00   621.384131 ITM-P-1317 13/12/2023 13/12/2023 Book